000 00666cab a2200241 4500
001 ABS60307
008 090401t1999 xxu||||| |||| 00| 0 eng d
035 _a(Sirsi) u92313
041 _aeng
100 _aPrescott, B.
245 4 _aThe implications of the draft waste incineration directive for the UK industry
260 _c1999
350 _a0
490 _aWaste Management
_vMarch 1999, 38(1)
650 _aDRAFT WASTE INCINERATION DIRECTIVE
650 _aEC DIRECTIVES
650 _aHAZARDOUS WASTE
650 _aINCINERATION
650 _aWASTE MANAGEMENT
690 _aENVIRONMENTAL AND LAND CONSULTANCY
942 _n0
948 _c24/03/1999
999 _c58535
_d58535